Specifying buildings (Record no. 109203)

MARC details
000 -LEADER
fixed length control field 01834cam a22003375a 4500
001 - CONTROL NUMBER
control field L146503
008 - FIXED-LENGTH DATA ELEMENTS--GENERAL INFORMATION
fixed length control field 090127s2008 xxk f 001 0 eng d
020 ## - INTERNATIONAL STANDARD BOOK NUMBER
International Standard Book Number 9780750684507
-- 9780080569710
035 ## - SYSTEM CONTROL NUMBER
System control number (Sirsi) u146503
041 0# - LANGUAGE CODE
Language code of text/sound track or separate title eng
050 04 - LIBRARY OF CONGRESS CALL NUMBER
Classification number 692.3 $2 18
100 1# - MAIN ENTRY--PERSONAL NAME
Personal name Emmitt, Stephen
245 00 - TITLE STATEMENT
Title Specifying buildings
Remainder of title a design management perspective
Medium [electronic resource]
250 ## - EDITION STATEMENT
Edition statement 2nd ed.
260 ## - PUBLICATION, DISTRIBUTION, ETC.
Place of publication, distribution, etc. London
Name of publisher, distributor, etc. Elsevier
Date of publication, distribution, etc. 2008
300 ## - PHYSICAL DESCRIPTION
Extent eBook
350 ## - PRICE (NR) (BK AM CF MU VM SE) [OBSOLETE]
Price 24.99
505 2# - FORMATTED CONTENTS NOTE
Formatted contents note Specifications in context -- Specifying design intent -- Information sources -- The selection process -- Writing specifications -- Managing the specification process -- Specifying 'new' building products -- Becoming aware of new products -- Monitoring the specification of buildings -- Obesrving specifiers -- Towards best practice
520 ## - SUMMARY, ETC.
Summary, etc. This eBook provides a general overview of the specification process, from selecting materials to writing the specification. Covers the management of the specification process and how the design team specifies design intent. Completely revised update. Includes new case studies, findings on specification research and reviews. Aimed mainly at students of architecture and built environment programmes. Also relevant to practitioners wishing to ensure professionalism of their specification process. Contains information relevant to the UK, Australia and the US.
521 ## - TARGET AUDIENCE NOTE
Target audience note Advanced
590 ## - LOCAL NOTE (RLIN)
Local note KA
650 24 - SUBJECT ADDED ENTRY--TOPICAL TERM
Topical term or geographic name entry element EBOOK
651 #4 - SUBJECT ADDED ENTRY--GEOGRAPHIC NAME
Geographic name United Kingdom
Chronological subdivision
651 #4 - SUBJECT ADDED ENTRY--GEOGRAPHIC NAME
Geographic name Australia
651 #4 - SUBJECT ADDED ENTRY--GEOGRAPHIC NAME
Geographic name United States
Chronological subdivision 1959-
690 ## - LOCAL SUBJECT ADDED ENTRY--TOPICAL TERM (OCLC, RLIN)
Topical term or geographic name as entry element BUILT ENVIRONMENT-CONSTRUCTION DESIGN-CONSTRUCTION SPECIFICATION
700 1# - ADDED ENTRY--PERSONAL NAME
Personal name Yeomans, David T.
856 48 - ELECTRONIC LOCATION AND ACCESS
Uniform Resource Identifier <a href="https://www.vlebooks.com/">https://www.vlebooks.com/</a>
Public note View on VLEbooks. Logins for members only from [email protected]
942 ## - ADDED ENTRY ELEMENTS (KOHA)
Suppress in OPAC 0
Holdings
Withdrawn status Lost status Damaged status Not for loan Home library Current library Shelving location Date acquired Cost, normal purchase price Total Checkouts Full call number Barcode Date last seen Date last checked out Copy number Cost, replacement price Price effective from Koha item type Source of classification or shelving scheme
  Missing from bundle     London London Missing 12/02/2009 24.99 1 692.3 EMM 30079650 06/08/2019 13/08/2009 1 24.99 06/08/2019 Book  
        Virtual Virtual Online 10/02/2010 42.11   EBOOK 146503-3001 06/08/2019   1 42.11 06/08/2019 Book Dewey Decimal Classification